[Event "Dallas Amateur"]
[Site "?"]
[Date "2000.10.28"]
[Round "1"]
[White "Jennings, Michael"]
[Black "Smeltzer, Robert"]
[Result "0-1"]
[WhiteElo "1414"]
[BlackElo "1600"]
[PlyCount "21"]

1. c4 e5 2. Nc3 c6 3. d4 exd4 4. Qxd4 Nf6 5. e4 d6 6. Bf4 c5 7. Qd2 Nc6 8. Rd1
Nd4 9. Nge2 Bg4 10. h3 Bh5 {#} 11. g4 0-1

[Event "Dallas Novice"]
[Site "?"]
[Date "2000.10.28"]
[Round "1"]
[White "Appelbaum, Todd"]
[Black "Chua, Paul"]
[Result "1-0"]
[WhiteElo "1349"]
[BlackElo "1119"]
[PlyCount "67"]

1. e4 e5 2. Nf3 Nc6 3. d4 exd4 4. Bc4 Bc5 5. c3 dxc3 6. Bxf7+ Kxf7 7. Qd5+ Ke8
8. Qxc5 d6 9. Qxc3 Nf6 10. O-O Kf7 11. Ng5+ Ke8 12. Qc4 Qd7 13. Nc3 Rf8 14. Nd5
Ne5 15. Nxc7+ Ke7 16. Qc3 Rb8 17. Nge6 Rf7 18. Bg5 h6 19. Bxf6+ Rxf6 20. Nf4
Rxf4 21. Nd5+ Kf8 22. Nxf4 Qg4 23. Qg3 Qd7 24. Ng6+ Kg8 25. Nxe5 dxe5 26. Qxe5
Ra8 27. Rfd1 Qc6 28. Rd8+ Kh7 29. Qd5 Qf6 30. Qg8+ Kg6 31. Rxc8 Qxb2 32. Rf1
Rxc8 33. Qxc8 Qb6 34. Qf5# 1-0

[Event "Dallas Amateur"]
[Site "?"]
[Date "2000.10.28"]
[Round "1"]
[White "Pershwitz, Gene"]
[Black "Alexander, Martin"]
[Result "0-1"]
[WhiteElo "1458"]
[BlackElo "1635"]
[PlyCount "48"]

1. e4 c5 2. Nf3 d6 3. d4 cxd4 4. Nxd4 Nf6 5. Nc3 a6 6. Bd3 e6 7. O-O Be7 8. Be3
O-O 9. f3 Nbd7 10. Nb3 b5 11. a3 Bb7 12. Re1 Qc7 13. Bf2 Ne5 14. Be2 Nc4 15.
Qc1 Rfc8 16. Nd1 d5 17. exd5 Nxd5 18. Nd2 Nxd2 19. Qxd2 Qxc2 20. Qxc2 Rxc2 21.
Kh1 Bf6 22. Rb1 Rac8 23. b3 Nc3 24. Nxc3 Bxc3 0-1

[Event "Dallas Novice"]
[Site "?"]
[Date "2000.10.28"]
[Round "1"]
[White "Gorrell, David"]
[Black "Delucci, Jasmin"]
[Result "1-0"]
[WhiteElo "1293"]
[BlackElo "959"]
[PlyCount "43"]

1. d4 d5 2. e3 c5 3. c3 c4 4. b3 cxb3 5. axb3 e6 6. Bd3 Bd6 7. f4 Nf6 8. Nd2
O-O 9. Ngf3 Nc6 10. O-O Bd7 11. Ne5 Bc7 12. Rf3 Nxe5 13. fxe5 Ng4 14. Rg3 Nh6
15. e4 dxe4 16. Nxe4 Nf5 17. Nf6+ Kh8 18. Bxf5 exf5 19. Qh5 gxf6 20. Rh3 h6 21.
Qxh6+ Kg8 22. Rg3# 1-0

[Event "Dallas Amateur"]
[Site "?"]
[Date "2000.10.28"]
[Round "1"]
[White "Chua, Alexander"]
[Black "Powers, Leon"]
[Result "1-0"]
[WhiteElo "1783"]
[BlackElo "1552"]
[PlyCount "47"]

1. e4 d6 2. d4 Nf6 3. Nc3 g6 4. Be3 Bg7 5. f3 O-O 6. Bd3 c6 7. Nge2 Qb6 8. O-O
Qxb2 9. Rb1 Qa3 10. Qd2 Qa5 11. Nd5 Qd8 12. Nxf6+ Bxf6 13. f4 e5 14. f5 exd4
15. Bxd4 g5 16. h4 h6 17. Rf3 Bxd4+ 18. Nxd4 Qf6 19. Ne2 g4 20. Rg3 Qxh4 21.
Qf4 h5 22. f6 Nd7 23. e5 Nxe5 24. Qh6 1-0

[Event "Dallas Amateur"]
[Site "?"]
[Date "2000.10.28"]
[Round "1"]
[White "Chairez, Carmen"]
[Black "Woods, Charles E"]
[Result "1-0"]
[WhiteElo "1632"]
[BlackElo "1420"]
[PlyCount "58"]

1. e4 c5 2. Nf3 d6 3. d4 cxd4 4. Nxd4 Nf6 5. Nc3 a6 6. Be2 e6 7. O-O Be7 8. Be3
O-O 9. Qd2 Nbd7 10. f4 Nc5 11. Bf3 Qc7 12. g4 e5 13. Nf5 Rd8 14. Nxe7+ Qxe7 15.
g5 Ng4 16. f5 Nxe3 17. Qxe3 Bd7 18. Nd5 Qf8 19. b4 Na4 20. f6 Be6 21. Ne7+ Kh8
22. h4 b5 23. Rf2 Nb2 24. Be2 Bc4 25. Bg4 Be6 26. Qh3 Bxg4 27. Qxg4 Nc4 28. Re1
a5 29. bxa5 Nxa5 1-0

[Event "Dallas Amateur"]
[Site "?"]
[Date "2000.10.28"]
[Round "1"]
[White "Schwetke, Douglas"]
[Black "Ferriz, Mario A"]
[Result "1/2-1/2"]
[WhiteElo "1527"]
[BlackElo "1767"]
[PlyCount "49"]

1. d4 Nf6 2. c4 e6 3. Nc3 Bb4 4. Bg5 d5 5. e3 Nbd7 6. cxd5 exd5 7. Qc2 c6 8.
Bd3 Qc7 9. Nge2 O-O 10. a3 Bd6 11. Bf4 Re8 12. O-O Nf8 13. h3 a5 14. Rab1 b5
15. Rfc1 Qe7 16. Bxd6 Qxd6 17. Ng3 g6 18. Bxb5 cxb5 19. Nxb5 Qe7 20. Nc7 Bd7
21. Nxa8 Rxa8 22. Qc7 Qe8 23. b4 a4 24. Qc2 h5 25. Qd1 1/2-1/2

[Event "Dallas Open"]
[Site "?"]
[Date "2000.10.28"]
[Round "1"]
[White "Dokuchayev, Andrey"]
[Black "Thomas, Rodney"]
[Result "1-0"]
[WhiteElo "2273"]
[BlackElo "1811"]
[PlyCount "73"]

1. d4 Nf6 2. c4 g6 3. Nc3 Bg7 4. e4 d6 5. Be2 O-O 6. Nf3 e5 7. O-O Nc6 8. d5
Ne7 9. b4 Ne8 10. c5 f5 11. Nd2 f4 12. Nc4 g5 13. Bg4 Nf6 14. Be6+ Kh8 15. f3
h5 16. h3 Ng6 17. Bd2 Qe7 18. Bxc8 Raxc8 19. cxd6 cxd6 20. Qe2 Bh6 21. Nb5 Rfd8
22. Nxa7 Ra8 23. Nb5 g4 24. hxg4 hxg4 25. fxg4 Nh4 26. Be1 Bg5 27. Rc1 f3 28.
gxf3 Bxc1 29. Bxh4 Bf4 30. Ne3 Bxe3+ 31. Qxe3 Nxg4 32. Bxe7 Nxe3 33. Bxd8 Nxf1
34. Bf6+ Kg8 35. Kxf1 Rxa2 36. Nxd6 Rb2 37. b5 1-0

[Event "Dallas Amateur"]
[Site "?"]
[Date "2000.10.28"]
[Round "1"]
[White "Uhler, Lloyd"]
[Black "Echeverry, Alex"]
[Result "0-1"]
[WhiteElo "1658"]
[BlackElo "1472"]
[PlyCount "112"]

1. e4 d5 2. Nc3 dxe4 3. Nxe4 Nd7 4. d4 Ngf6 5. Bd3 e5 6. Nxf6+ Qxf6 7. Qe2 Bd6
8. Nf3 h6 9. O-O O-O 10. Re1 exd4 11. Qe4 Qg6 12. Qxg6 fxg6 13. Bxg6 Rxf3 14.
gxf3 Ne5 15. Be4 Bh3 16. f4 Ng4 17. Bg2 Bxg2 18. Kxg2 Rf8 19. h3 Nf6 20. Bd2
Nd5 21. Re4 Bc5 22. a3 Nf6 23. Re6 Nd5 24. Re5 c6 25. Rae1 Kh7 26. c3 dxc3 27.
Bxc3 Nxf4+ 28. Kh1 Nd3 29. Rxc5 Nxc5 30. Bd4 Nd3 31. Re2 Rf7 32. Rd2 Ne1 33.
Bxa7 Nf3 34. Re2 Ng5 35. Kh2 b5 36. Bc5 Rf3 37. Kg2 Rxh3 38. f4 Rh5 39. Re5 Nh3
40. Be3 Rxe5 41. fxe5 Ng5 42. Kg3 Kg6 43. Kg4 Ne6 44. Kg3 h5 45. Kh4 Kf5 46.
Kxh5 g6+ 47. Kh4 Kxe5 48. Kg4 Ke4 49. Bd2 c5 50. Bc3 Kd3 51. Kf3 Nd4+ 52. Kg4
Ne6 53. Kf3 c4 54. Bf6 Nc5 55. Bc3 Na4 56. Bb4 Nxb2 0-1

[Event "Dallas Open"]
[Site "?"]
[Date "2000.10.28"]
[Round "1"]
[White "Irby, T Samuel"]
[Black "Phillips, David W"]
[Result "0-1"]
[WhiteElo "1784"]
[BlackElo "1935"]
[PlyCount "98"]

1. e4 c5 2. b3 Nc6 3. Bb2 d6 4. Nc3 Nf6 5. Bc4 g6 6. Nd5 Bg7 7. Ne2 O-O 8. f3
e6 9. Nxf6+ Bxf6 10. Bxf6 Qxf6 11. O-O Ne5 12. Rb1 Nxc4 13. bxc4 b6 14. Qe1 Bb7
15. Nc3 Qd4+ 16. Kh1 Qxc4 17. d3 Qa6 18. Nb5 Rad8 19. Qg3 Qxa2 20. Nxd6 Bc6 21.
Rfc1 Qa5 22. Qf4 Qc3 23. e5 f6 24. Nc4 fxe5 25. Qg5 e4 26. fxe4 Bxe4 27. Qe7
Bd5 28. Ne3 Qd4 29. Nxd5 Qxd5 30. Qxa7 Rf2 31. Rg1 Rxc2 32. Qxb6 Rd2 33. Rbc1
Rc8 34. Rce1 e5 35. Re3 Re8 36. Rg3 Re7 37. Rf3 Rb7 38. Qa6 Ra2 39. Qf6 Rf7 40.
Qxf7+ Qxf7 41. Rxf7 Kxf7 42. g4 Ke6 43. Rb1 Rd2 44. Rb7 Rxd3 45. Rxh7 Rd7 46.
Rh8 Rc7 47. Kg2 c4 48. Kf3 c3 49. Re8+ Kf6 0-1

[Event "Dallas Amateur"]
[Site "?"]
[Date "2000.10.28"]
[Round "2"]
[White "Smeltzer, Robert"]
[Black "Chua, Alexander"]
[Result "0-1"]
[WhiteElo "1600"]
[BlackElo "1783"]
[PlyCount "36"]

1. e4 d5 2. exd5 Nf6 3. c4 e6 4. Nc3 exd5 5. cxd5 Nxd5 6. Bc4 Be6 7. Qf3 c6 8.
Nge2 Be7 9. a3 O-O 10. Ne4 Nd7 11. d3 Ne5 12. Qg3 Nxc4 13. dxc4 Nf6 14. Nxf6+
Bxf6 15. h4 Bxc4 16. Nc3 Re8+ 17. Be3 Bxc3+ 18. bxc3 Qd3 0-1

[Event "Dallas Amateur"]
[Site "?"]
[Date "2000.10.28"]
[Round "2"]
[White "Echeverry, Alex"]
[Black "Neil, Wilson"]
[Result "1-0"]
[WhiteElo "1472"]
[BlackElo "1600"]
[PlyCount "37"]

1. e4 e5 2. Qh5 d6 3. Bc4 g6 4. Qf3 Be6 5. d3 Bxc4 6. dxc4 Qf6 7. Qb3 b6 8. Nc3
c6 9. Qa4 Qd8 10. Nf3 Ne7 11. Bg5 h6 12. Bf6 Rg8 13. O-O-O Qc8 14. Rxd6 Nf5 15.
Rd8+ Qxd8 16. Bxd8 Nd4 17. Bc7 Nd7 18. Nxd4 Nc5 19. Qxc6+ 1-0

[Event "Dallas Novice"]
[Site "?"]
[Date "2000.10.28"]
[Round "2"]
[White "Ballom, Stephanie"]
[Black "Appelbaum, Todd"]
[Result "1-0"]
[WhiteElo "1235"]
[BlackElo "1345"]
[PlyCount "73"]

1. d4 d5 2. c4 c6 3. Nc3 Nf6 4. Nf3 Nbd7 5. Bg5 dxc4 6. e3 b5 7. d5 Bb7 8. dxc6
Bxc6 9. Nd4 Qc7 10. Bf4 Qb7 11. Nxc6 Qxc6 12. Be2 Rd8 13. Bf3 Qb6 14. Nd5 Nxd5
15. Bxd5 Nf6 16. e4 Nxe4 17. Qf3 Qa5+ 18. Ke2 Rxd5 19. Qxe4 e6 20. Rad1 Be7 21.
Bg5 Rxg5 22. Qc6+ Kf8 23. Qc8+ Bd8 24. Rxd8+ Ke7 25. Rxh8 Re5+ 26. Kf3 Rf5+ 27.
Kg4 b4 28. Qf8+ Kd7 29. Rd1+ Kc6 30. Qc8+ Qc7 31. Rd4 Kb6 32. Qxc7+ Kxc7 33.
Rxc4+ Kd6 34. Rxb4 Rxf2 35. Kg3 Rf6 36. h3 h6 37. Rb7 {
and White went on to win.} 1-0

[Event "Dallas Amateur"]
[Site "?"]
[Date "2000.10.28"]
[Round "2"]
[White "Alexander, Martin"]
[Black "Chairez, Carmen"]
[Result "1-0"]
[WhiteElo "1635"]
[BlackElo "1632"]
[PlyCount "71"]

1. d4 d5 2. c4 e6 3. Nc3 c5 4. e3 Nf6 5. Nf3 Nc6 6. cxd5 exd5 7. Be2 Be7 8. O-O
Be6 9. b3 O-O 10. Ba3 Qa5 11. Qc1 Rac8 12. Bxc5 Bxc5 13. dxc5 Qxc5 14. Qb2 Qe7
15. Nb5 Bf5 16. Nbd4 Be4 17. Rfd1 Rfe8 18. Rd2 h6 19. Rad1 g5 20. Bb5 Bxf3 21.
Nxf3 a6 22. Be2 Ne4 23. Rxd5 g4 24. Rd7 Qe6 25. Bc4 Qf5 26. Bxf7+ Qxf7 27. Rxf7
Kxf7 28. Nd4 Ne5 29. f3 gxf3 30. gxf3 Rg8+ 31. Kf1 Nc3 32. Rc1 Nd3 33. Qc2 Nxc1
34. Qh7+ Kf6 35. Qxh6+ Kf7 36. Qe6+ 1-0

[Event "Dallas Novice"]
[Site "?"]
[Date "2000.10.28"]
[Round "2"]
[White "Sundaresan, Swami"]
[Black "Gorrell, David"]
[Result "0-1"]
[WhiteElo "1296"]
[BlackElo "1293"]
[PlyCount "120"]

1. e4 e5 2. Nf3 f5 3. d3 Nc6 4. Nc3 Nf6 5. Be2 d5 6. Bg5 Bb4 7. Nd2 Bxc3 8.
bxc3 dxe4 9. Bxf6 Qxf6 10. dxe4 O-O 11. O-O Be6 12. exf5 Bxf5 13. Bf3 Rad8 14.
Bxc6 Qxc6 15. Qe2 Bxc2 16. Qc4+ Qxc4 17. Nxc4 Bd3 18. Rfe1 Bxc4 19. Rxe5 Rd2
20. Rc5 Rfd8 21. h3 Rd1+ 22. Rxd1 Rxd1+ 23. Kh2 Bxa2 24. Rxc7 Bd5 25. Rd7 Bf3
26. Rc7 Bc6 27. Rc8+ Kf7 28. Ra8 Ra1 29. Kg3 a5 30. f4 a4 31. h4 a3 32. Ra5 g6
33. f5 a2 34. fxg6+ hxg6 35. c4 Rc1 36. Rxa2 Rxc4 37. Rf2+ Kg7 38. Kh3 Bd7+ 39.
Kg3 Rg4+ 40. Kf3 Rxh4 41. g3 Bc6+ 42. Ke3 Re4+ 43. Kd3 Rg4 44. Rd2 Rxg3+ 45.
Kc2 Rg2 46. Rxg2 Bxg2 47. Kd3 b5 48. Kc3 g5 49. Kb4 Bf1 50. Kc5 g4 51. Kd4 b4
52. Ke3 g3 53. Kf3 b3 54. Kxg3 b2 55. Kf2 b1=Q 56. Ke3 Qd3+ 57. Kf4 Qd5 58. Kg4
Qe4+ 59. Kg3 Be2 60. Kf2 Bg4 0-1

[Event "Dallas Amateur"]
[Site "?"]
[Date "2000.10.28"]
[Round "2"]
[White "Uhler, Lloyd"]
[Black "Schwetke, Douglas"]
[Result "1/2-1/2"]
[WhiteElo "1658"]
[BlackElo "1527"]
[PlyCount "49"]

1. e4 Nf6 2. Nc3 d5 3. e5 Ne4 4. Nce2 f6 5. d3 Ng5 6. f4 Nf7 7. exf6 exf6 8.
Ng3 Nc6 9. d4 Bd6 10. Nf3 O-O 11. Be2 Nh6 12. O-O Nf5 13. c3 Nxg3 14. hxg3 Bg4
15. Be3 Re8 16. Bf2 Ne7 17. Qd2 Nf5 18. Bd3 Qd7 19. Nh2 Nh6 20. Rfe1 Bf5 21.
Rxe8+ Rxe8 22. Re1 Rxe1+ 23. Bxe1 Bxd3 24. Qxd3 Qe7 25. Bf2 1/2-1/2

[Event "Dallas Amateur"]
[Site "?"]
[Date "2000.10.28"]
[Round "2"]
[White "Ferriz, Mario A"]
[Black "Yeh, Peter"]
[Result "0-1"]
[WhiteElo "1767"]
[BlackElo "1578"]
[PlyCount "48"]

1. e4 e5 2. Nf3 Nc6 3. d4 exd4 4. c3 d5 5. Bb5 Bc5 6. Qe2 Nge7 7. Nxd4 O-O 8.
Nb3 Bb6 9. O-O Re8 10. Bg5 f6 11. Bh4 Ng6 12. Bg3 Rxe4 13. Qc2 f5 14. Bd3 f4
15. Bxe4 dxe4 16. Bxf4 Nxf4 17. Qxe4 Qf6 18. N1d2 Bd7 19. Qc4+ Be6 20. Ne4 Qg6
21. Nf6+ Qxf6 22. Qe4 Bd5 23. Qc2 Bxg2 24. Rae1 Qg5 0-1

[Event "Dallas Amateur"]
[Site "?"]
[Date "2000.10.28"]
[Round "2"]
[White "Woods, Charles E"]
[Black "Pershwitz, Gene"]
[Result "0-1"]
[WhiteElo "1420"]
[BlackElo "1458"]
[PlyCount "66"]

1. e4 e6 2. d4 d5 3. Nd2 c5 4. exd5 Qxd5 5. Ngf3 Nc6 6. Bc4 Qd8 7. Nb3 cxd4 8.
Nbxd4 Nxd4 9. Nxd4 Bc5 10. Be3 b6 11. Bb5+ Bd7 12. Nc6 Qc7 13. Bxc5 Bxc6 14.
Bd6 Qd7 15. Bxc6 Qxc6 16. Qd3 Nf6 17. O-O Rd8 18. Qg3 Qxd6 19. Qxg7 Ke7 20. Qh6
Rhg8 21. Qh4 Qd4 22. Qxd4 Rxd4 23. Rad1 Rxd1 24. Rxd1 Rd8 25. Rc1 Rd2 26. f3
Nd5 27. g3 Ne3 28. Re1 Nxc2 29. Rc1 Kd7 30. h4 Ne3 31. Rc3 Nd5 32. Ra3 a5 33.
Ra4 Rxb2 0-1

[Event "Dallas Open"]
[Site "?"]
[Date "2000.10.28"]
[Round "2"]
[White "Chin, Ming"]
[Black "Whatley, Andrew"]
[Result "0-1"]
[WhiteElo "1774"]
[BlackElo "2334"]
[PlyCount "50"]

1. e4 e6 2. d4 d5 3. Nc3 Bb4 4. a3 Bxc3+ 5. bxc3 dxe4 6. Qg4 Nf6 7. Qxg7 Rg8 8.
Qh6 Nbd7 9. Ne2 c5 10. a4 Qc7 11. Qd2 b6 12. Bb2 Bb7 13. Ng3 Ng4 14. Nxe4 Bxe4
15. f3 Bb7 16. fxg4 Rxg4 17. O-O-O O-O-O 18. h3 Rg3 19. Rg1 cxd4 20. cxd4 Nc5
21. Qf2 Nxa4 22. Rd3 Rdg8 23. Ba1 Be4 24. Rxg3 Rxg3 25. Bb5 Ra3 0-1

[Event "Dallas Open"]
[Site "?"]
[Date "2000.10.28"]
[Round "2"]
[White "Phillips, David W"]
[Black "Dokuchayev, Andrey"]
[Result "0-1"]
[WhiteElo "1935"]
[BlackElo "2273"]
[PlyCount "80"]

1. e4 e6 2. d4 d5 3. Nd2 c5 4. exd5 Qxd5 5. Ngf3 cxd4 6. Bc4 Qd6 7. O-O Nf6 8.
Nb3 Nc6 9. Nbxd4 Nxd4 10. Nxd4 Bd7 11. Bb3 Qc7 12. Re1 Bd6 13. h3 O-O-O 14. Qf3
Rhg8 15. Bg5 Be5 16. Qe3 Bd6 17. Qf3 h6 18. Be3 Kb8 19. Rad1 e5 20. Bxf7 exd4
21. Bxd4 Bc6 22. Qb3 Rgf8 23. Bg6 Qa5 24. Be3 Nd5 25. Bd4 Nf4 26. Be4 Bxe4 27.
Rxe4 Qg5 28. Qf3 Ne6 29. Qe2 Nxd4 30. Rexd4 Rde8 31. Re4 Rxe4 32. Qxe4 Bc5 33.
Rf1 a6 34. Qe2 Qf4 35. c3 Rd8 36. b4 Bb6 37. c4 Rd2 38. Qe8+ Ka7 39. c5 Bc7 40.
g3 Qxb4 0-1

[Event "Dallas Open"]
[Site "?"]
[Date "2000.10.28"]
[Round "2"]
[White "Thomas, Rodney"]
[Black "Irby, T Samuel"]
[Result "0-1"]
[WhiteElo "1811"]
[BlackElo "1784"]
[PlyCount "72"]

1. Nf3 c5 2. c4 Nf6 3. Nc3 Nc6 4. d4 cxd4 5. Nxd4 g6 6. e4 d6 7. Be2 Bg7 8. Be3
O-O 9. O-O a6 10. Nxc6 bxc6 11. c5 Rb8 12. Qc2 Qa5 13. cxd6 exd6 14. Rad1 Rd8
15. h3 Be6 16. Bf4 Qb4 17. Rb1 Ra8 18. Bg3 a5 19. Bf3 Rac8 20. Qd2 Bf8 21. b3
Be7 22. Rbc1 d5 23. exd5 cxd5 24. Qf4 Rxc3 25. Rxc3 Qxc3 26. Rc1 Qb2 27. Qc7
Rd7 28. Qc8+ Kg7 29. Rc2 Qa1+ 30. Kh2 Bd6 31. Bxd6 Rxd6 32. Qc5 Qe5+ 33. g3 Ra6
34. Be2 Ra8 35. Bd3 Qh5 36. Bf1 Qd1 0-1

[Event "Dallas Amateur"]
[Site "?"]
[Date "2000.10.28"]
[Round "2"]
[White "Powers, Leon"]
[Black "Jennings, Michael"]
[Result "0-1"]
[WhiteElo "1552"]
[BlackElo "1414"]
[PlyCount "122"]

1. d4 d5 2. c4 e6 3. Nf3 c5 4. Nc3 cxd4 5. Nxd4 e5 6. Nf3 d4 7. Nd5 Nc6 8. e4
Be6 9. Be2 Nf6 10. Nxf6+ Qxf6 11. O-O h6 12. Qb3 Rb8 13. Qa4 Bd6 14. Bd2 Qg6
15. b4 d3 16. Bxd3 Bh3 17. Ne1 O-O 18. c5 Nd4 19. Qd1 Be7 20. Be3 Rbd8 21. Bxd4
Rxd4 22. Qb3 Be6 23. Qc3 Bh3 24. Bc2 Be6 25. a3 Bc4 26. Bd3 Bxd3 27. Nxd3 Qxe4
28. Ne1 Rfd8 29. Qc2 Qg4 30. h3 Qh5 31. Nf3 Rd3 32. Rfd1 Rxd1+ 33. Rxd1 Rxd1+
34. Qxd1 e4 35. Qd7 exf3 36. Qxe7 Qg5 37. Qe8+ Kh7 38. Qe4+ Kg8 39. Qg4 Qxg4
40. hxg4 fxg2 41. Kxg2 Kf8 42. Kf3 Ke7 43. Ke4 Ke6 44. f4 g6 45. a4 {#} 45...
f5+ 46. gxf5+ gxf5+ 47. Kd4 h5 48. b5 h4 49. Ke3 h3 50. Kf2 h2 51. Kg2 h1=Q+
52. Kxh1 Kd5 53. Kh2 Kxc5 54. Kh3 Kb4 55. Kh4 Kxa4 56. Kg5 Kxb5 57. Kxf5 a5 58.
Ke4 a4 59. f5 Kc6 60. f6 Kd7 61. Kf5 Ke8 0-1

[Event "Dallas Amateur"]
[Site "?"]
[Date "2000.10.28"]
[Round "3"]
[White "Pershwitz, Gene"]
[Black "Smeltzer, Robert"]
[Result "1-0"]
[WhiteElo "1458"]
[BlackElo "1600"]
[PlyCount "79"]

1. e4 c6 2. d4 e6 3. Nf3 h6 4. Nc3 a6 5. Bd3 d6 6. Be3 Be7 7. Ne2 Qc7 8. c4 g5
9. h3 Nd7 10. Rc1 e5 11. dxe5 dxe5 12. a3 b6 13. Qb3 c5 14. Nc3 Ngf6 15. Nd5
Nxd5 16. cxd5 Bd6 17. Qc2 f6 18. g4 Bb7 19. h4 O-O-O 20. hxg5 hxg5 21. Ke2 Rxh1
22. Rxh1 Nf8 23. Nd2 Ng6 24. Ke1 Kb8 25. Nf1 Rh8 26. Rxh8+ Nxh8 27. Ng3 Ng6 28.
Nf5 Bf8 29. Qa4 Ka7 30. Qe8 Qh7 31. d6 c4 32. d7 cxd3 33. Bxb6+ Kxb6 34. d8=Q+
Ka7 35. Qb8+ Kb6 36. Qe6+ Ka5 37. b4+ Ka4 38. Qd8 Qh1+ 39. Kd2 Qxe4 40. Qa5#
1-0

[Event "Dallas Amateur"]
[Site "?"]
[Date "2000.10.28"]
[Round "3"]
[White "Yeh, Peter"]
[Black "Echeverry, Alex"]
[Result "1-0"]
[WhiteElo "1578"]
[BlackElo "1472"]
[PlyCount "77"]

1. e4 d5 2. exd5 Nf6 3. d4 Nxd5 4. Nf3 g6 5. c3 Bg7 6. Bg5 O-O 7. Be2 Nc6 8.
Nbd2 Bf5 9. Nb3 Qe8 10. O-O Nf6 11. Re1 e5 12. Nxe5 Nxe5 13. dxe5 Ne4 14. Bh4
g5 15. Bg3 Rd8 16. Qc1 Nxg3 17. hxg3 h6 18. Nd4 Bg6 19. Bg4 h5 20. Bf5 c5 21.
Bxg6 fxg6 22. Nb3 Qe7 23. Qe3 b6 24. Qe4 Rf5 25. Qc4+ Kh7 26. e6 Rdf8 27. Re2
h4 28. gxh4 Rf4 29. Qb5 Rxh4 30. Qd7 Bf6 31. Rd1 Kg7 32. f3 Rfh8 33. Qxe7+ Bxe7
34. Rd7 Kf6 35. Nd2 g4 36. fxg4 Rxg4 37. Ne4+ Kf5 38. Nf2 Re8 39. Rd5+ 1-0

[Event "Dallas Open"]
[Site "?"]
[Date "2000.10.28"]
[Round "3"]
[White "Whatley, Andrew"]
[Black "Dokuchayev, Andrey"]
[Result "1/2-1/2"]
[WhiteElo "2374"]
[BlackElo "2273"]
[PlyCount "60"]

1. d4 d5 2. Nf3 Nf6 3. e3 e6 4. Bd3 Bd6 5. O-O O-O 6. b3 b6 7. Bb2 Bb7 8. Ne5
Nbd7 9. Nd2 Rc8 10. Qf3 c5 11. Qh3 cxd4 12. exd4 Bb4 13. Ndf3 Ne4 14. a3 Bc3
15. Bxc3 Rxc3 16. Rfe1 Nxe5 17. Nxe5 Ba6 18. f3 Ng5 19. Qg3 Bxd3 20. Nxd3 h6
21. Re2 Qc7 22. Qxc7 Rxc7 23. Rd1 Rfc8 24. Ne1 Nh7 25. Rf2 Nf6 26. g4 Ne8 27.
Rfd2 Nd6 28. a4 b5 29. Ra1 b4 30. Ra2 a5 1/2-1/2

[Event "Dallas Open"]
[Site "?"]
[Date "2000.10.28"]
[Round "3"]
[White "Sanders, Robert H"]
[Black "Yeh, Albert"]
[Result "0-1"]
[WhiteElo "1643"]
[BlackElo "1744"]
[PlyCount "62"]

1. d4 Nf6 2. c4 e6 3. Nc3 Bb4 4. Nf3 c5 5. Bd2 cxd4 6. Nxd4 Nc6 7. e3 O-O 8.
Be2 d5 9. Nxc6 bxc6 10. O-O Ba6 11. cxd5 Bxe2 12. Nxe2 Bxd2 13. Qxd2 cxd5 14.
Rac1 Qd7 15. Qa5 Rfc8 16. Rxc8+ Rxc8 17. Rc1 Rxc1+ 18. Nxc1 h6 19. Nd3 Qc6 20.
Nc5 Qb6 21. Qa3 Qc7 22. b4 Ng4 23. g3 Ne5 24. Kg2 Nc4 25. Qc3 Qe5 26. Qxe5 Nxe5
27. b5 Kf8 28. f4 Nc4 29. Kf2 Ke7 30. Ke2 Kd6 31. Na6 Na3 {
and Black went on to win.} 0-1

[Event "Dallas Amateur"]
[Site "?"]
[Date "2000.10.28"]
[Round "3"]
[White "Chua, Alexander"]
[Black "Alexander, Martin"]
[Result "0-1"]
[WhiteElo "1783"]
[BlackElo "1635"]
[PlyCount "126"]

1. e4 c5 2. c3 d6 3. d4 cxd4 4. cxd4 Nf6 5. Nc3 a6 6. f3 e6 7. Be3 Be7 8. Bd3
Nc6 9. Nge2 O-O 10. O-O b5 11. a3 d5 12. e5 Nd7 13. f4 Nb6 14. b3 b4 15. axb4
Nxb4 16. Bb1 Bd7 17. Rf3 f5 18. exf6 Bxf6 19. Nc1 Be8 20. Qe1 Bh5 21. Rh3 g6
22. Qg3 Kf7 23. Nd3 Nxd3 24. Bxd3 Nc8 25. Qf2 Kg7 26. Qg3 Kf7 27. Bf2 Nd6 28.
Ne2 Nf5 29. Bxf5 exf5 30. Nc3 Qd6 31. Qd3 Rfb8 32. Rxh5 gxh5 33. Qxf5 Kg7 34.
Re1 Re8 35. Rxe8 Rxe8 36. Nxd5 Rb8 37. b4 Rb5 38. Qxf6+ Qxf6 39. Nxf6 Kxf6 40.
Be1 Kf5 41. Kf2 Kxf4 42. Bc3 h4 43. Ke2 Ke4 44. Kd2 Rg5 45. g3 hxg3 46. hxg3
Rxg3 47. Kc2 h5 48. Kb2 h4 49. Kb3 h3 50. b5 axb5 51. Kb4 h2 52. Be1 Rd3 53.
Kxb5 h1=Q 54. Bb4 Rxd4 55. Bc5 Rd5 56. Kc4 Rxc5+ 57. Kxc5 Qd1 58. Kc4 Qd4+ 59.
Kb5 Qc3 60. Kb6 Kd5 61. Kb5 Qb3+ 62. Ka6 Kc6 63. Ka7 Qb7# 0-1

[Event "Dallas Amateur"]
[Site "?"]
[Date "2000.10.28"]
[Round "3"]
[White "Jennings, Michael"]
[Black "Ferriz, Mario A"]
[Result "1-0"]
[WhiteElo "1414"]
[BlackElo "1767"]
[PlyCount "35"]

1. d4 e6 2. c4 Nf6 3. Nc3 Bb4 4. Qc2 c5 5. dxc5 Nc6 6. Bg5 h6 7. Bh4 Bxc5 8.
Nf3 Be7 9. e3 d5 10. Rd1 Qa5 11. cxd5 exd5 12. Bb5 O-O 13. O-O Nb4 14. Qb3 Be6
15. Nd4 g5 16. Bg3 Ne4 17. Nxe4 dxe4 18. Nxe6 1-0

[Event "Dallas Open"]
[Site "?"]
[Date "2000.10.28"]
[Round "3"]
[White "Irby, T Samuel"]
[Black "Chin, Ming"]
[Result "0-1"]
[WhiteElo "1784"]
[BlackElo "1774"]
[PlyCount "66"]

1. e4 c6 2. Nf3 d5 3. Nc3 Bg4 4. Be2 Bxf3 5. Bxf3 d4 6. Na4 e5 7. b3 Nf6 8. O-O
Be7 9. c3 b5 10. Nb2 c5 11. cxd4 cxd4 12. Qe2 Qb6 13. Nd3 Nc6 14. Bb2 O-O 15.
Rac1 Rfc8 16. Rc2 Nb4 17. Nxb4 Bxb4 18. Rfc1 Rxc2 19. Rxc2 Nd7 20. a3 Be7 21.
b4 a5 22. Bg4 Nf6 23. bxa5 Qxa5 24. Rc8+ Rxc8 25. Bxc8 Bxa3 26. Bxa3 Qxa3 27.
f4 Qc1+ 28. Kf2 Qxc8 29. fxe5 Ng4+ 30. Kg3 Nxe5 31. Qxb5 Qg4+ 32. Kf2 Qf4+ 33.
Kg1 g6 0-1

[Event "Dallas Open"]
[Site "?"]
[Date "2000.10.28"]
[Round "3"]
[White "Woods, Charles E"]
[Black "Powers, Leon"]
[Result "0-1"]
[WhiteElo "1552"]
[BlackElo "1420"]
[PlyCount "60"]

1. e4 d6 2. d4 Nf6 3. Nc3 g6 4. f4 Bg7 5. Nf3 c6 6. Bd3 O-O 7. O-O Nbd7 8. f5
e5 9. fxg6 fxg6 10. dxe5 Nxe5 11. Nxe5 dxe5 12. Bc4+ Kh8 13. Bg5 Qb6+ 14. Kh1
Qxb2 15. Bxf6 Bxf6 16. Rxf6 Rxf6 17. Qd8+ Kg7 18. Qe7+ Kh6 19. Rb1 Qxc3 20. Bg8
Qxc2 21. Qxh7+ Kg5 22. h4+ Kg4 23. Qh6 Qxb1+ 24. Kh2 Rf5 25. Qxg6+ Kf4 26. exf5
Bxf5 27. Qg3+ Ke4 28. h5 Qf1 29. Qb3 Qf4+ 30. Kg1 Qe3+ 0-1

[Event "Dallas Amateur"]
[Site "?"]
[Date "2000.10.28"]
[Round "3"]
[White "Neil, Wilson"]
[Black "Uhler, Lloyd"]
[Result "1-0"]
[WhiteElo "1600"]
[BlackElo "1658"]
[PlyCount "83"]

1. c4 e5 2. Nc3 d6 3. g3 f5 4. Bg2 Nf6 5. e3 c6 6. Nge2 Be7 7. O-O O-O 8. d3
Qe8 9. f3 Na6 10. d4 Nc7 11. d5 c5 12. e4 b5 13. b3 Bd7 14. f4 b4 15. Nb1 Nxe4
16. fxe5 Bc8 17. Nd2 Nxd2 18. Qxd2 Bb7 19. e6 a5 20. a4 Ra7 21. Bb2 Qa8 22. Nf4
g5 23. Nh5 Qe8 24. Ng7 Qg6 25. Rae1 Ne8 26. Nxe8 Rxe8 27. Re2 Bc8 28. Ref2 Rf8
29. Qc2 Bf6 30. Qxf5 Qxf5 31. Rxf5 Bd4+ 32. Bxd4 Rxf5 33. Rxf5 cxd4 34. Rxg5+
Rg7 35. Rf5 d3 36. Rf2 Rg4 37. Rd2 Ba6 38. Rxd3 Bxc4 39. Re3 Kf8 40. e7+ Ke8
41. Bh3 Rg8 42. bxc4 1-0

[Event "Dallas Open"]
[Site "?"]
[Date "2000.10.28"]
[Round "3"]
[White "Ahmed, Jahangir"]
[Black "Phillips, David"]
[Result "1-0"]
[WhiteElo "2000"]
[BlackElo "1935"]
[PlyCount "109"]

1. e4 c5 2. c3 Nf6 3. e5 Nd5 4. d4 cxd4 5. cxd4 d6 6. exd6 Qxd6 7. Nc3 Nc6 8.
Be2 e6 9. Nf3 Be7 10. O-O O-O 11. Re1 b6 12. Bd3 Bb7 13. Bg5 Nxc3 14. bxc3 h6
15. Be3 Bf6 16. Bc2 Ne7 17. Nd2 Rac8 18. Rc1 Rfd8 19. Qg4 Kf8 20. Ne4 Bxe4 21.
Bxe4 Nd5 22. Bd2 Qa3 23. Qg3 Kg8 24. Bb1 Be7 25. Qd3 Nf6 26. Re3 Qa5 27. c4 Qh5
28. d5 Bc5 29. Rh3 Qg4 30. Rg3 Qh5 31. Rh3 Qe5 32. Bc3 Qf4 33. Rf1 exd5 34. Rf3
Qxc4 35. Qf5 Qg4 36. Bxf6 Qxf5 37. Bxf5 gxf6 38. Bxc8 Rxc8 39. Rxf6 Kg7 40. Rf5
Rd8 41. Rd1 d4 42. Rf3 Kg6 43. Kf1 Rd7 44. Ke2 Re7+ 45. Kd3 Re5 46. a4 a5 47.
Rf4 f5 48. g4 fxg4 49. Rxg4+ Kf5 50. Rdg1 Re6 51. Rh4 Ke5 52. Re1+ Kd6 53.
Rxe6+ Kxe6 54. Rxh6+ Kf5 55. Rh4 1-0